Amsterdamská smlouva nesplnila svůj účel
Základné rozdiely medzi pojmami Európske spoločenstvo, Európska únia, Maastrichtská zmluva a Rímska zmluva. Štruktúra Európskej únie. Zmeny uskutočnené Amsterdamskou zmluvou.
Na minha lista:
| Autor principal: | |
|---|---|
| Formato: | Capítulo de Livro |
| Idioma: | tcheco |
| Assuntos: | |
| Tags: |
Sem tags, seja o primeiro a adicionar uma tag!
|
MARC
| LEADER | 00000naa a2200000 4500 | ||
|---|---|---|---|
| 001 | r033264 | ||
| 005 | 20230920095218.6 | ||
| 041 | 0 | |a cze | |
| 044 | |a CZ | ||
| 245 | 1 | 0 | |a Amsterdamská smlouva nesplnila svůj účel |c Jana Böhmová |
| 520 | |a Základné rozdiely medzi pojmami Európske spoločenstvo, Európska únia, Maastrichtská zmluva a Rímska zmluva. Štruktúra Európskej únie. Zmeny uskutočnené Amsterdamskou zmluvou. | ||
| 610 | 2 | 0 | |a spolupráca hospodárska medzinárodná |
| 610 | 2 | 0 | |a Európska únia |
| 610 | 2 | 0 | |a Európske spoločenstvá |
| 610 | 2 | 0 | |a legislatíva |
| 610 | 2 | 0 | |a reformy |
| 610 | 2 | 0 | |a Amsterdamská zmluva |
| 610 | 2 | 0 | |a Maastrichtská zmluva |
| 100 | 1 | |a Böhmová, Jana | |